Guess Rappers by their most streamed song - Statistics

General Stats
  • This quiz has been taken 125 times
  • The average score is 33 of 56
Answer Stats
Hint Answer % Correct
HUMBLE. Kendrick Lamar
92%
Goosebumps Travis Scott
91%
In Da Club 50 Cent
86%
Niggas In Paris Jay-Z
85%
Lucid Dreams Juice WRLD
85%
Heartless Kanye West
83%
Sunflower Post Malone
83%
One Dance Drake
81%
The Box Roddy ricch
81%
SAD! XXXTENTACION
79%
XO Tour Llif3 Lil Uzi Vert
78%
Bank account 21 Savage
76%
Mask Off Future
76%
No Role Modelz J. Cole
73%
Love Sosa Chief Keef
72%
Took her to the O King Von
72%
Ransom Lil Tecca
72%
California Love 2Pac
69%
fukumean Gunna
68%
Starships Nicki Minaj
68%
Hey Ya! Outkast
67%
Magnolia Playboi Carti
67%
Bad & Boujee Migos
65%
Without me Eminem
64%
Drip too hard Lil Baby
63%
Praise the lord (da shine) A$AP Rocky
62%
family ties Baby Keem
60%
Miss the rage Trippie redd
60%
ROCKSTAR DaBaby
59%
Day 'N' Nite Kid Cudi
59%
See you again Tyler, the creator
59%
Ric Flair Drip Offset
58%
N.Y. State of mind Nas
56%
Lollipop Lil Wayne
55%
RAPSTAR Polo G
54%
Walk em down NLE Choppa
51%
What you know bout love Pop smoke
51%
I like it Cardi B
49%
No Idea Don Toliver
49%
Make no sense Youngboy Never Broke Again
49%
Surround sound JID
47%
ZEZE Kodak Black
47%
Money so big Yeat
47%
The London Young Thug
42%
Yale Ken Carson
40%
Savage Megan Thee Stallion
40%
FEFE 6ix9ine
36%
The spins Mac Miller
36%
Ultimate Denzel Curry
32%
Knock Knock SoFaygo
31%
NOSTYLIST Destroy Lonely
28%
Broadway Girls Lil Durk
26%
Chains & Whips Clipse
24%
Heart on ice Rod Wave
22%
DAKITI Bad bunny
19%
No problem Chance the Rapper
14%
No matching quizzes found
Score Distribution
Percent of People with Each Score
Percentile by Number Answered
Your Score History
You have not taken this quiz